Busiest Airports in Australia - Statistics

General Stats
  • This quiz has been taken 425 times
  • The average score is 9 of 10
Answer Stats
2015-16 Flights Airport % Correct
33,705 Melbourne Airport
100%
41,091 Sydney Airport
100%
12,558 Perth Airport
99%
22,320 Brisbane Airport
97%
7,779 Adelaide Airport
93%
2,041 Darwin International Airport
90%
6,237 Gold Coast Airport
84%
2,815 Canberra Airport
81%
2,313 Hobart International Airport
79%
4,711 Cairns Airport
76%
No matching quizzes found
Score Distribution
Percent of People with Each Score
Percentile by Number Answered
Your Score History
You have not taken this quiz